Fr. Conceicao Rodrigues College of Engineering

Using Turbo Basic (Record no. 26311)

MARC details
000 -LEADER
fixed length control field 00286nam a2200133Ia 4500
100 ## - MAIN ENTRY--PERSONAL NAME
Personal name James/Mike/ Ewbank /Kay
245 ## - TITLE STATEMENT
Title Using Turbo Basic
260 ## - PUBLICATION, DISTRIBUTION, ETC.
Name of publisher, distributor, etc. Galgotia Pub.
Place of publication, distribution, etc. NEW DELHI
Date of publication, distribution, etc. 1990
300 ## - PHYSICAL DESCRIPTION
Extent 202
546 ## - LANGUAGE NOTE
Language note ENGLISH
654 ## - SUBJECT ADDED ENTRY--FACETED TOPICAL TERMS
Focus term Turbo Basic
942 ## - ADDED ENTRY ELEMENTS (KOHA)
Koha item type Reference Book
Holdings
Withdrawn status Lost status Damaged status Not for loan Collection Home library Current library Shelving location Date acquired Total Checkouts Full call number Barcode Date last seen Price effective from Koha item type
        AFT Fr. Agnel's C.Rodrigues College of Engineering Fr. Agnel's C.Rodrigues College of Engineering   17/03/2023   AFT6071 17/03/2023 17/03/2023 Reference Book